Building design portfolios : (Record no. 353037)
[ view plain ]
| 000 -LEADER | |
|---|---|
| fixed length control field | 01201 a2200301 4500 |
| 003 - CONTROL NUMBER IDENTIFIER | |
| control field | OSt |
| 005 - DATE AND TIME OF LATEST TRANSACTION | |
| control field | 20180116192354.0 |
| 008 - FIXED-LENGTH DATA ELEMENTS--GENERAL INFORMATION | |
| fixed length control field | 120605t xxu||||| |||| 00| 0 eng d |
| 010 ## - LIBRARY OF CONGRESS CONTROL NUMBER | |
| LC control number | 2005030865 |
| 020 ## - INTERNATIONAL STANDARD BOOK NUMBER | |
| International Standard Book Number | 1592532233 (hardback) |
| 020 ## - INTERNATIONAL STANDARD BOOK NUMBER | |
| International Standard Book Number | 9781592532230 |
| 035 ## - SYSTEM CONTROL NUMBER | |
| System control number | (OCoLC)ocm62133789 |
| 040 ## - CATALOGING SOURCE | |
| Transcribing agency | 0 |
| 082 00 - DEWEY DECIMAL CLASSIFICATION NUMBER | |
| Classification number | 741.60688 |
| 100 1# - MAIN ENTRY--PERSONAL NAME | |
| Personal name | Eisenman, Sara. |
| 9 (RLIN) | 3889 |
| 245 10 - TITLE STATEMENT | |
| Title | Building design portfolios : |
| Remainder of title | innovative concepts for presenting your work / |
| Statement of responsibility, etc. | Sara Eisenman. |
| 260 ## - PUBLICATION, DISTRIBUTION, ETC. | |
| Place of publication, distribution, etc. | Gloucester, Mass. : |
| Name of publisher, distributor, etc. | Rockport, |
| Date of publication, distribution, etc. | c2006. |
| 300 ## - PHYSICAL DESCRIPTION | |
| Extent | 192 p. : |
| Other physical details | ill. (chiefly col.) ; |
| Dimensions | 26 cm. |
| 490 0# - SERIES STATEMENT | |
| Series statement | Design field guides |
| 650 10 - SUBJECT ADDED ENTRY--TOPICAL TERM | |
| Topical term or geographic name entry element | Art portfolios |
| General subdivision | Design. |
| 9 (RLIN) | 3890 |
| 650 10 - SUBJECT ADDED ENTRY--TOPICAL TERM | |
| Topical term or geographic name entry element | Graphic arts |
| General subdivision | Marketing. |
| 9 (RLIN) | 3891 |
| 650 10 - SUBJECT ADDED ENTRY--TOPICAL TERM | |
| Topical term or geographic name entry element | Design services |
| General subdivision | Marketing. |
| 9 (RLIN) | 3892 |
| 856 41 - ELECTRONIC LOCATION AND ACCESS | |
| Materials specified | Table of contents |
| Uniform Resource Identifier | <a href="http://www.loc.gov/catdir/toc/ecip062/2005030865.html">http://www.loc.gov/catdir/toc/ecip062/2005030865.html</a> |
| 856 41 - ELECTRONIC LOCATION AND ACCESS | |
| Materials specified | Publisher description |
| Uniform Resource Identifier | <a href="http://www.loc.gov/catdir/enhancements/fy0661/2005030865-d.html">http://www.loc.gov/catdir/enhancements/fy0661/2005030865-d.html</a> |
| 856 41 - ELECTRONIC LOCATION AND ACCESS | |
| Materials specified | Contributor biographical information |
| Uniform Resource Identifier | <a href="http://www.loc.gov/catdir/enhancements/fy0737/2005030865-b.html">http://www.loc.gov/catdir/enhancements/fy0737/2005030865-b.html</a> |
| 942 ## - ADDED ENTRY ELEMENTS (KOHA) | |
| Institution code [OBSOLETE] | SADA |
| Koha item type | Book |
| Call number prefix | 741.60688 EIS 2006 |
| Source of classification or shelving scheme | |
| 952 ## - LOCATION AND ITEM INFORMATION (KOHA) | |
| -- | BOOK |
| Withdrawn status | Lost status | Source of classification or shelving scheme | Damaged status | Not for loan | Permanent Location | Current Location | Date acquired | Total Checkouts | Total Renewals | Full call number | Barcode | Date last seen | Date last checked out | Cost, replacement price | Price effective from | Koha item type |
|---|---|---|---|---|---|---|---|---|---|---|---|---|---|---|---|---|
| School of Art Design and Architecture (SADA) | School of Art Design and Architecture (SADA) | 05/23/2011 | 6 | 3 | 741.60688 EIS 2006 | SADA0001097 | 08/29/2016 | 07/27/2016 | 1768.00 | 08/05/2011 | Book |
